Largest Hasidic Communities - Statistics

General Stats
  • This quiz has been taken 51 times
  • The average score is 5 of 11
Answer Stats
Founder Answer % Correct
Schneur Zalman of Liady Chabad-Lubavitch
90%
Joel Teitelbaum Satmar
90%
Nachman Breslov
59%
Shalom Rokeach Belz
54%
Shlomo Halberstam Bobov
51%
Yitzhak Twerski Skver
49%
Yitzhak Meyer Alter Ger
44%
Menachem Mendel Hager Vizhnitz
24%
Chaim Halberstam Sanz-Klausenberg
22%
Aaron HaGadol Karlin-Stolin
20%
Yitzhok Friedman Boyan
12%
No matching quizzes found
Score Distribution
Percent of People with Each Score
Percentile by Number Answered
Your Score History
You have not taken this quiz